• 首页
  • 本馆介绍
  • 公告通知
  • 最新文献
  • 馆藏检索
  • 电子资源
  • 读者导购
  • 参考咨询
  • 我的图书馆
  • 登录
  • 详细信息显示
  • 放入我的书架
  • 预约/预借图书
  • 作者相关作品
  • 分类相关作品
  • 丛书相关作品
  • 出版社相关作品

书目信息

  • 表格格式
  • 工作单格式
  • 卡片格式
题名:
晚明清初思想十论
    
 
作者: 王汎森 著
分册:  
出版信息: 上海   复旦大学出版社  2004
页数: 13,368页
开本: 21cm
丛书名: 名家专题精讲
单 册:
中图分类: B248.05 , B21
科图分类:
主题词: 思想史--研究--中国--明清时代 , 思想史 , 哲学--中国
电子资源:
ISBN: 7-309-04243-3
000 00918oam2 2200289 450
001 1138366752
005 20110928104458.62
010    @a7-309-04243-3@dCNY20.00
100    @a20050508d2004 em y0chiy50 ea
101 0  @achi
102    @aCN@b310000
105    @ay z 000yy
106    @ar
200 1  @a晚明清初思想十论@f王汎森著@Awan ming qing chu si xiang shi lun
210    @a上海@c复旦大学出版社@d2004
215    @a13,368页@d21cm
225 2  @a名家专题精讲
330    @a本书收入的文章集中在晚明到清这一段,它们基本上与“明清思想的转型”这一个大论述息息相关,将思想与其他历史因素结合起来。
461  0 @1001002209459
606 0  @a思想史@x研究@y中国@z明清时代
606 0  @a思想史
606 0  @a哲学@x中国
690    @aB248.05@v4
690    @aB21@v4
701  0 @a王汎森@f(1958~)@4著@Awang fan sen
801  0 @aCN@b大连网信软件有限公司图书馆·11@c20110928
905    @a10447@dB21@eJY53
    
    晚明清初思想十论/王汎森著.-上海:复旦大学出版社,2004
    13,368页;21cm .-(名家专题精讲 )
    
    
    ISBN 7-309-04243-3:CNY20.00
    本书收入的文章集中在晚明到清这一段,它们基本上与“明清思想的转型”这一个大论述息息相关,将思想与其他历史因素结合起来。
●
相关链接 在E读中查询图书 在五车中查询图书 在当当中查询图书 在豆瓣中查询图书


正题名:晚明清初思想十论     索取号:B21/JY53         预约/预借

序号 登录号 条形码 馆藏地/架位号 状态 备注
1 7824462   278244623   学院路分馆/ [索取号:B21/JY53] 在馆    
2 7824463   278244632   学院路分馆/ [索取号:B21/JY53] 在馆    
3 7824464   278244641   学院路分馆/ [索取号:B21/JY53] 在馆    
4 7824465   278244650   学院路分馆/ [索取号:B21/JY53] 在馆    
唐山师范学院图书馆 欢迎您!
大连网信软件有限公司© 版权所有